000 00595nai a2200181Ia 4500
003 IN-BaIIA
008 211028c9999 xx s 000 0 eng d
022 _a0899-8418 (Print)
022 _a1097-0088 (Online)
040 _cIIA Library
245 0 _aInternational Journal Of Climatology
_h[eJournal]
260 _aNew Jersey
_bJohn Wiley & Sons
310 _a15/year
362 _a16(1); 1996 - Present
521 _bSubscribed through National Knowledge Resource Consortium (NKRC)
856 _uhttps://onlinelibrary.wiley.com/journal/10970088
_yClick Here to Access eJournal
942 _cEJ
999 _c34820
_d34820